|
|
|
|
| LEADER |
00000nam a2200000 a 4500 |
| 001 |
UCX8950 |
| 003 |
CL-VaPUC |
| 008 |
940509e19480000FR |||||||||||||||||fre|d |
| 082 |
0 |
4 |
|a 720.92
|b PRE
|2 21
|
| 100 |
0 |
|
|a Prevost, Jean
|e author
|9 326197
|
| 245 |
1 |
0 |
|a Philibert Delorme
|
| 300 |
|
|
|a 91 p
|
| 942 |
|
|
|c BK
|
| 945 |
|
|
|d 19940509 00:00:00
|a oaravena
|
| 260 |
|
|
|a París
|b Gallimard
|c 1948
|
| 650 |
|
0 |
|a Arquitectura moderna
|9 265021
|
| 583 |
|
|
|a last modification
|c 19940509 00:00:00
|k Rodrigo Vera
|
| 999 |
|
|
|c 228313
|d 228311
|
| 952 |
|
|
|0 0
|1 0
|4 0
|6 720_920000000000000_PRE_1948
|7 0
|8 P
|9 228250
|a BIBARQ
|b BIBARQ
|d 2019-11-15
|i 297097K
|o 720.92 PRE 1948
|p 297097K
|r 2025-01-20
|w 2019-11-15
|y BK
|k ARQ
|